000 00490nam a2200205Ia 4500
005 20250425162443.0
008 250425s9999 xx 000 0 und d
020 _a0127287019
041 _aeng
082 _a594
100 _aWILLOWS, A.O. DENNIS
245 0 _aTHE MOLLUSCA: NEUROBIOLOGY AND BEHAVIOR PART 1
250 _aS.E.
260 _aEstados Unidos
_bACADEMIA PRESS
_c1985
260 _aORLANDO
300 _a415
650 _aMOLUSCOS
942 _c01
010 _a75046
999 _c229540
_d229540